| 000 | 01061nam0a22002771 4500 | ||
|---|---|---|---|
| 001 | rc\3357793 | ||
| 005 | 20130115152647.3 | ||
| 035 | _a(NLR Aleph) 007440119 | ||
| 090 |
_a7106504 _c7106504 |
||
| 100 | _a20130115d1969 |||y0rusy50 ca | ||
| 101 | 0 | _arus | |
| 102 | _aRU | ||
| 105 | _ay z ||||| | ||
| 200 | 1 |
_aВладимир Ильич Ленин - вождь, товарищ, человек _e[Метод. пособие в помощь культ.-просвет. работникам] _fАвт.-сост. Климов Е.Н. _gРед. канд. ист. наук, доц. Дворсон Л.Г. |
|
| 210 |
_a[Пермь _cБ. и. _d1969] |
||
| 215 |
_a[68] с. _d22 |
||
| 300 | _aОписано по вып. дан. | ||
| 300 | _aНа 1-й с. название разд. Клубная лениниана | ||
| 309 | _aБез тит. л. и обл. | ||
| 702 | 1 |
_aКлимов _bЕ. Н. _4220 |
|
| 702 | 1 |
_aДворсон _bЛ. Г. _4340 |
|
| 801 | 0 |
_aRU _bNLR _gpsbo |
|
| 801 | 1 |
_aRU _bELAR _2rusmarc |
|
| 852 |
_aNLR _j69-6/11135 |
||
| 942 | _cBOOK | ||
| 980 | _aNB | ||